Priemerný zárobok na pracovnoprávne účely s príkladmi

Bibliographic Details
Main Author: Seidlerová, Anna (Author)
Format: Article
Language:Slovak
PhysicalDescription:Tab.
ISSN:1335-4329
Subjects:

MARC

LEADER 00000nab a2200000 a 4500
001 vtls000694792
003 SK-MaSNL
005 20260304095300.0
008 250425c1999 xo 0 slo
015 |a SNBRB1999/06-14755 
035 |a CLN000046959 
035 |a urn:nbn:sk:snk-ab76j0 
035 |a (uuid)987116e6-6c03-40b1-acda-391d25ba7f06 
035 |a (urnnbn)urn:nbn:sk:snk:ar-a071rw 
035 |a (sysno)vtls000694792 
040 |a SNKBUCL  |b slo  |c SNKBUCL  |e AACR2 
041 0 |a slo 
044 |a xo  |c SK 
080 |a 331.215.5  |2 1997 
100 1 |a Seidlerová, Anna  |4 aut  |9 11408 
245 1 0 |a Priemerný zárobok na pracovnoprávne účely s príkladmi  |c Anna Seidlerová 
300 |b Tab. 
650 0 7 |a zárobok priemerný  |2 snkbucl  |9 849159 
655 7 |a články z novín a časopisov  |2 snkbucl  |9 267496 
773 0 |t Mzdy a financie  |g Roč. 6, č. 15 (1999), s. 75-86  |x 1335-4329 
850 |a Slovenská národná knižnica 
852 |a Slovenská národná knižnica 
954 |a odborná, vedecká literatúra pôvodná (slovenská)  |2 lita 
958 |a article27 
958 |a SK 
958 |a OND 
958 |a EUIPO 
999 |c 2831849  |d 2833779